The definitive book of body language

Bibliographic Details
Format: Book
Published: New York : Bantal Dell , 2004
Subjects:

MARC

LEADER 00000cam a2200000 7i4500
001 0000004130
005 20180404.0
020 0 0 |a 9780553804720 
090 0 0 |a 153.622   |a BOD 2004 
245 1 0 |a The definitive book of body language   |c Allan &Barbara Pease 
260 0 0 |a New York :   |b Bantal Dell ,   |c 2004 
300 |a xiii.386 p.ill ;   |c 23 cm. 
650 0 0 |a Body language 
998 |a JPSM 
999 |a 007998   |b Monograph   |c Open Shelf   |e Default branch